000 00464nam a2200169Ia 4500
003 GCL
008 140319s9999 xx 000 0 eng d
040 _aGCL /
_cGCL
082 0 4 _a302.014
_bC W
100 1 _aCASEY, CATHERINE
245 1 0 _aWARK , SELFAND SOCIETY AFTER INDUSTRIATISM /
_cCASEY, CATHERINE
260 _a[S.N] :
_bROUTLEDGE ،
_c1995
300 _a239 P P
650 0 4 _aالحضارة الفرعونية
650 0 4 _aSOCIOLOGY
942 _2ddc
_cBK
999 _c11287
_d11287